| 000 | 00492nam a2200193Ia 4500 | ||
|---|---|---|---|
| 008 | 170918s9999 xx 000 0 und d | ||
| 020 | _a9780030920974 | ||
| 050 | _bB942 1997 | ||
| 100 | _aBunting, Eve | ||
| 245 | _aI am the mummy Heb-Nefert / | ||
| 245 | _cby Eve Bunting ; illustrated by David Christiana. | ||
| 260 | _aSan Diego : | ||
| 260 | _bHarcourt Inc., | ||
| 260 | _c1997 | ||
| 300 | _aunpaged : | ||
| 300 | _bcolored illustration ; | ||
| 300 | _c28cm. | ||
| 500 | _a670 | ||
| 999 |
_c342916 _d342916 |
||